Computer Applications in Business (Record no. 269727)
[ view plain ]
| 000 -LEADER | |
|---|---|
| fixed length control field | 00221 a2200097 4500 |
| 001 - CONTROL NUMBER | |
| control field | 34654 |
| 090 ## - LOCALLY ASSIGNED LC-TYPE CALL NUMBER (OCLC); LOCAL CALL NUMBER (RLIN) | |
| -- | 22937 |
| -- | 22937 |
| 100 ## - MAIN ENTRY--PERSONAL NAME | |
| Personal name | Rajagopalan, S.P |
| 245 ## - TITLE STATEMENT | |
| Title | Computer Applications in Business |
| 260 ## - PUBLICATION, DISTRIBUTION, ETC. | |
| Place of publication, distribution, etc. | ND |
| Name of publisher, distributor, etc. | PHI |
| Date of publication, distribution, etc. | 1998 |
| 942 ## - ADDED ENTRY ELEMENTS (KOHA) | |
| Institution code [OBSOLETE] | NUST-CAE |
| Koha item type | |
| -- | |
| Withdrawn status | Lost status | Damaged status | Not for loan | Collection code | Permanent Location | Current Location | Date acquired | Total Checkouts | Barcode | Date last seen | Price effective from | Koha item type |
|---|---|---|---|---|---|---|---|---|---|---|---|---|
| College of Aeronautical Engineering (CAE) | College of Aeronautical Engineering (CAE) | 04/03/2017 | CAE72299 | 04/05/2017 | 04/05/2017 | Book |
